| 000 | 00636nam a22001817a 4500 | ||
|---|---|---|---|
| 005 | 20140415151616.0 | ||
| 010 | _aB-508053-060 | ||
| 020 |
_a9789381753026 _c80.00 |
||
| 035 | _aB-508053-060 | ||
| 037 |
_adpl _bUBH/Ven |
||
| 082 | _a808.84 | ||
| 245 |
_aModern Essays & Paragraphs for Middle Classes/ _ccompiled by G.Jain |
||
| 260 |
_aNew Delhi _bMannu Graphics _c20?? |
||
| 270 |
_a5FF, Ganpati Bhawan, 21 Ansari Road, Darya Ganj _bNew Delhi _e110002 |
||
| 300 |
_a144p. _c21cm(pbk) |
||
| 942 |
_2ddc _cCH _h808.84 _mMOD |
||
| 999 |
_c83472 _d83472 |
||